Normal view
MARC view
- Hooja , Rakesh
Entry Personal Name
001 - CONTROL NUMBER
- control field: 7717
003 - CONTROL NUMBER IDENTIFIER
- control field: OSt
005 - DATE AND TIME OF LATEST TRANSACTION
- control field: 20250813161706.0
008 - FIXED-LENGTH DATA ELEMENTS
- fixed length control field: 250813|| aca||aabn | a|a d
040 ## - CATALOGING SOURCE
- Original cataloging agency: OSt
- Transcribing agency: OSt
100 ## - HEADING--PERSONAL NAME
- Personal name: Hooja , Rakesh
670 ## - SOURCE DATA FOUND
- Source citation: Work cat.: (OSt)13334: Hooja , Rakesh ., Water management: multiple dimensions / , 2007.
